[Event "Gibraltar Masters 17th"]
[Site "Caleta"]
[Date "2019.01.22"]
[Round "1"]
[White "Osuna Vega, Enrique"]
[Black "Batsiashvili, Nino"]
[Result "1/2-1/2"]
[WhiteElo "2116"]
[BlackElo "2459"]
[PlyCount "113"]
[EventDate "2019.01.22"]
[EventType "swiss"]
[EventRounds "10"]
[EventCountry "GGB"]
[SourceTitle "CBM 188 Extra"]
[Source "ChessBase"]
[SourceDate "2019.02.26"]
[SourceVersion "1"]
[SourceVersionDate "2019.02.26"]
[SourceQuality "1"]

1. c4 e6 2. g3 d5 3. Bg2 dxc4 4. Qa4+ Nd7 5. Nf3 a6 6. Qxc4 b5 7. Qc2 Bb7 8. 0-0 c5 9. d3 Ngf6 10. a4 b4 11. Nbd2 a5 12. b3 Be7 13. Bb2 0-0 14. e4 Rc8 15. Nc4 Qc7 16. Rad1 Ba8 17. Qe2 Rfd8 18. Nfd2 Nb6 19. f4 Nxc4 20. dxc4 Rd7 21. e5 Bxg2 22. Qxg2 Ng4 23. Qe2 Nh6 24. Ne4 Rcd8 25. Nf2 Nf5 26. Rxd7 Rxd7 27. Rd1 Rxd1+ 28. Qxd1 Qc6 29. Qd3 g5 30. Qe4 Qxe4 31. Nxe4 gxf4 32. gxf4 Ne3 33. Bc1 Nc2 34. Bb2 Ne1 35. Bc1 Nf3+ 36. Kg2 Nd4 37. Be3 Nxb3 38. Kf3 Kg7 39. Ke2 Kg6 40. Kd3 f5 41. exf6 Bxf6 42. Bxc5 Nxc5+ 43. Nxc5 Kf5 44. Nb3 Bd8 45. Nd4+ Kf6 46. Ke4 Ke7 47. f5 exf5+ 48. Nxf5+ Ke6 49. Nd4+ Kd6 50. Nb3 Bb6 51. c5+ Bxc5 52. Nxa5 Bg1 53. h3 Kc5 54. Kd3 h5 55. Nb3+ Kd5 56. Nd2 Ba7 57. Nb3 1/2-1/2

[Event "Gibraltar Challengers op-A"]
[Site "Caleta"]
[Date "2019.01.21"]
[Round "1"]
[White "Osuna Vega, Enrique"]
[Black "Hng, Mei Xian Eunice"]
[Result "1-0"]
[WhiteElo "2116"]
[BlackElo "1718"]
[PlyCount "61"]
[EventDate "2019.01.21"]
[EventType "swiss"]
[EventRounds "5"]
[EventCountry "GGB"]
[SourceTitle "CBM 188 Extra"]
[Source "ChessBase"]
[SourceDate "2019.02.26"]
[SourceVersion "1"]
[SourceVersionDate "2019.02.26"]
[SourceQuality "1"]

1. c4 e5 2. Nc3 Bc5 3. e3 Nf6 4. Nf3 Nc6 5. d4 exd4 6. exd4 Be7 7. d5 Nb8 8. Bd3 d6 9. h3 Nbd7 10. Bf4 0-0 11. 0-0 c6 12. Bc2 cxd5 13. Nxd5 Nxd5 14. Qxd5 Nf6 15. Qd4 Qc7 16. Rac1 b6 17. Rfe1 Re8 18. Ba4 Rd8 19. b4 Qb7 20. Qe3 Nh5 21. Bg5 Be6 22. Nd4 Bxg5 23. Qxg5 Nf6 24. Bc6 Qc8 25. Bxa8 Qxa8 26. Nxe6 fxe6 27. Rxe6 Rf8 28. Rxd6 Kh8 29. f3 Qe8 30. Rcd1 h6 31. Qd2 1-0

[Event "Andalucia-chA"]
[Site "Algeciras"]
[Date "2018.05.20"]
[Round "8"]
[White "Osuna Vega, Enrique"]
[Black "Cuellar Montes, Alejandro"]
[Result "1/2-1/2"]
[WhiteElo "2083"]
[BlackElo "2087"]
[PlyCount "53"]
[EventDate "2018.05.12"]
[EventType "swiss"]
[EventRounds "8"]
[EventCountry "ESP"]
[SourceTitle "EXT 2020"]
[Source "ChessBase"]
[SourceDate "2019.10.17"]
[SourceVersion "1"]
[SourceVersionDate "2019.10.17"]
[SourceQuality "1"]

1. Nf3 Nf6 2. c4 b6 3. g3 Bb7 4. Bg2 e6 5. 0-0 c5 6. Nc3 Be7 7. b3 0-0 8. Bb2 d5 9. cxd5 Nxd5 10. Nxd5 Bxd5 11. d3 Nd7 12. Qd2 Bf6 13. Rfd1 Bxb2 14. Qxb2 Qf6 15. Qxf6 Nxf6 16. Nd2 Bxg2 17. Kxg2 Rfd8 18. Rdc1 Rac8 19. Rc4 Nd5 20. a3 g6 21. Rac1 Ne7 22. Nf3 f6 23. d4 cxd4 24. Rxc8 Rxc8 25. Rxc8+ Nxc8 26. Nxd4 e5 27. Nb5 1/2-1/2

[Event "Andalucia-chA"]
[Site "Algeciras"]
[Date "2018.05.19"]
[Round "6"]
[White "Garrido Diaz, Jose Antonio"]
[Black "Osuna Vega, Enrique"]
[Result "0-1"]
[WhiteElo "1898"]
[BlackElo "2083"]
[PlyCount "160"]
[EventDate "2018.05.12"]
[EventType "swiss"]
[EventRounds "8"]
[EventCountry "ESP"]
[SourceTitle "EXT 2020"]
[Source "ChessBase"]
[SourceDate "2019.10.17"]
[SourceVersion "1"]
[SourceVersionDate "2019.10.17"]
[SourceQuality "1"]

1. e4 e6 2. d4 d5 3. Nd2 dxe4 4. Nxe4 Bd7 5. Nf3 Bc6 6. Bd3 Nd7 7. 0-0 Ngf6 8. Nxf6+ Nxf6 9. c3 Bd6 10. Bg5 b6 11. Bc2 Bb7 12. Re1 c6 13. Ne5 Qc7 14. Bb3 Bxe5 15. Rxe5 Nd7 16. Re3 Nf8 17. Qf3 Ng6 18. Bxe6 0-0 19. Bf5 h6 20. Qh5 Bc8 21. Bxc8 Raxc8 22. Rh3 Rfe8 23. Bd2 Re4 24. Qd1 Rce8 25. Rg3 Qe7 26. Re3 Nh4 27. g3 Rxe3 28. Bxe3 Nf5 29. Bd2 Nd6 30. Be3 Nc4 31. Qe2 Nxe3 32. Qxe3 Qxe3 33. fxe3 Rxe3 34. Kf2 Re6 35. Re1 Rf6+ 36. Kg2 Kf8 37. Re3 Rf5 38. c4 Rf6 39. b4 Rd6 40. Rd3 b5 41. cxb5 cxb5 42. d5 Ke7 43. Kf3 Rf6+ 44. Ke4 Ra6 45. Rd2 Ra4 46. Kd4 Kd6 47. Kc3 Ra3+ 48. Kd4 a5 49. bxa5 Rxa5 50. Kc3 Ra4 51. Rb2 Kc5 52. Rd2 Rc4+ 53. Kb3 Kd6 54. a3 h5 55. Rf2 f6 56. Rf5 h4 57. Rf3 Kxd5 58. Rd3+ Kc6 59. Rd8 hxg3 60. hxg3 Rg4 61. Rd3 Kc5 62. Kc3 f5 63. Kb3 g5 64. Kc3 f4 65. gxf4 Rxf4 66. Rd8 Rf3+ 67. Kb2 Kc4 68. Rc8+ Kd4 69. Rd8+ Ke4 70. Re8+ Kd4 71. Rd8+ Ke3 72. Rd5 g4 73. Rxb5 g3 74. Kb3 Kf2+ 75. Kb4 g2 76. Rg5 Rg3 77. Rf5+ Ke2 78. Re5+ Kd2 79. Rd5+ Kc2 80. Rc5+ Kb2 0-1

[Event "Andalucia-chA"]
[Site "Algeciras"]
[Date "2018.05.13"]
[Round "3"]
[White "Fernandez Montero, Francisco Manuel"]
[Black "Osuna Vega, Enrique"]
[Result "1/2-1/2"]
[WhiteElo "2031"]
[BlackElo "2083"]
[PlyCount "108"]
[EventDate "2018.05.12"]
[EventType "swiss"]
[EventRounds "8"]
[EventCountry "ESP"]
[SourceTitle "EXT 2020"]
[Source "ChessBase"]
[SourceDate "2019.10.17"]
[SourceVersion "1"]
[SourceVersionDate "2019.10.17"]
[SourceQuality "1"]

1. e4 d6 2. Bc4 e5 3. Nc3 Nf6 4. d3 Be7 5. f4 Be6 6. Qf3 Bxc4 7. dxc4 Nc6 8. Be3 exf4 9. Bxf4 Qd7 10. Nd5 0-0-0 11. 0-0-0 Qe6 12. Re1 Kb8 13. Nh3 h6 14. Nf2 Ne5 15. Qc3 Rhe8 16. Nd3 Nxd3+ 17. cxd3 Nxd5 18. exd5 Qg4 19. Qd2 Bf6 20. Qf2 Qg6 21. Kc2 a6 22. Rhf1 Qf5 23. Qd2 Rxe1 24. Rxe1 g5 25. Bg3 Bd4 26. Qe2 Qd7 27. b3 f5 28. h3 f4 29. Bf2 Bxf2 30. Qxf2 Re8 31. Kd2 Qf7 32. Re2 Rxe2+ 33. Qxe2 Qg7 34. Ke1 Qa1+ 35. Kf2 Qd4+ 36. Kf3 h5 37. Qe4 Qa1 38. Qe2 Qg1 39. Qe8+ Ka7 40. Qe2 Qa1 41. Qf2+ Kb8 42. Qe2 Qc3 43. Qe8+ Ka7 44. Qe2 a5 45. Kf2 Qd4+ 46. Kf3 Ka6 47. Qe4 Qg7 48. Qe8 g4+ 49. Kxf4 Qd4+ 50. Kg5 gxh3 51. gxh3 Qxd3 52. Qb5+ Ka7 53. Qxa5+ Kb8 54. Kxh5 Qxh3+ 1/2-1/2